MARC details
| 000 -LÍDER |
| campo de controle de tamanho fixo |
02337nam a22003257a 4500 |
| 001 - NÚMERO DE CONTROLE |
| campo de controle |
323 |
| 003 - IDENTIFICADOR DO NÚMERO DE CONTROLE |
| campo de controle |
OSt |
| 005 - DATA E HORÁRIO DA ÚLTIMA TRANSAÇÃO |
| campo de controle |
20250528074018.0 |
| 008 - CAMPO DE DADOS FIXOS--INFORMAÇÃO GERAL |
| campo de controle de tamanho fixo |
250327b |||||||e |||| 00| f eng d |
| 040 ## - FONTE DA CATALOGAÇÃO |
| Idioma da catalogação |
por |
| 041 ## - CÓDIGO DE IDIOMA |
| Código do idioma do original e/ou traduções intermediárias do texto |
eng |
| Código do idioma do texto/trilha sonora ou título diferente |
por |
| 082 ## - CDD - CLASSIFICAÇÃO DECIMAL DE DEWEY |
| Número de Classificação |
823 |
| Número do exemplar |
H268j |
| 100 1# - ENTRADA PRINCIPAL--NOME PESSOAL |
| Nome pessoal |
Hardy, Thomas, |
| Datas associadas ao nome |
1840-1928 |
| 9 (RLIN) |
652 |
| 240 ## - TÍTULO UNIFORME |
| Título uniforme |
Jude the Obscure |
| 245 ## - TÍTULO |
| Título |
Judas, o Obscuro / |
| Indicação de responsabilidade, etc. |
Hardy, Thomas ; Tradução de Octavio de Faria |
| 260 ## - PUBLICAÇÃO, DISTRIBUIÇÃO, ETC. |
| Local de publicação, distribuição, etc. |
São Paulo |
| Nome do editor, distribuidor, etc. |
Abril |
| Data da publicação, distribuição, etc. |
1971 |
| 300 ## - DESCRIÇÃO FÍSICA |
| Extensão |
459 p. |
| 490 1# - TÍTULO DA SÉRIE |
| Título da série |
Os Imortais da Literatura Universal |
| 520 ## - NOTA DE RESUMO, ETC. |
| Resumo, etc. |
Judas, o Obscuro narra o drama de Judas Fawley, cujas ambições estão amarradas pela condição social. Depois de um casamento tumultuoso, Judas ruma a Christminster com o intuito de mudar a sua vida e apaixona-se pela delicada e intelectual Sue Bridehead que em nada se parece com a sua primeira mulher Arabella. Ambos protagonizam uma história de amor repleta de tragédia no panorama histórico-social de uma Inglaterra do século XVIII.<br/>Judas, o herói deste romance, é uma das mais perfeitas encarnações do homem sensível e delicado, bom e puro, que toda uma estrutura social e religiosa desumana e o egoísmo individual não hesitam em esmagar, sem sequer desconfiar da desgraça que estão ocasionando. Judas procura ser ele mesmo; e a sociedade, ela mesma. É uma obra de um determinismo melodramático chocante. Os fatos se sucedem dentro de uma realidade ambivalente. Judas, ante as incompreensões, abre seu coração de homem. E os que o rodeiam volvem então a face, porque é a eles próprios que suas feridas mais ferem.<br/>Jude, o Obscuro, o último romance de Hardy, é considerado o trabalho mais corajoso e inovador do escritor. Originalmente publicado em fascículos mensais, cada novo capítulo trazia uma onda de choque aos leitores vitorianos. Como em outras obras do autor, é possível perceber o quanto a sociedade é cruel com aqueles que desafiam suas tradições.<br/> |
| 650 #0 - ASSUNTO--TERMO TÓPICO |
| Cabeçalho tópico ou nome geográfico |
Literatura Inglesa |
| 9 (RLIN) |
89 |
| 650 #0 - ASSUNTO--TERMO TÓPICO |
| Cabeçalho tópico ou nome geográfico |
Amor e Paixão |
| 9 (RLIN) |
25 |
| 650 #0 - ASSUNTO--TERMO TÓPICO |
| Cabeçalho tópico ou nome geográfico |
Conflito Social: |
| 9 (RLIN) |
653 |
| 650 #0 - ASSUNTO--TERMO TÓPICO |
| Cabeçalho tópico ou nome geográfico |
Critica religiosa |
| 9 (RLIN) |
583 |
| 650 #0 - ASSUNTO--TERMO TÓPICO |
| Cabeçalho tópico ou nome geográfico |
Injustiça Social |
| 9 (RLIN) |
654 |
| 655 #0 - TERMO DE ÍNDICE--GÊNERO E FORMA |
| Gênero/forma/ou termo foco |
Romance |
| 655 #0 - TERMO DE ÍNDICE--GÊNERO E FORMA |
| Gênero/forma/ou termo foco |
Ficção |
| 700 1# - ENTRADA ADICIONADA - NOME PESSOAL |
| Nome pessoal |
Faria, Octávio de, |
| Datas associadas ao nome |
1908-1980. |
| Função do autor por extenso |
TRADUTOR |
| 9 (RLIN) |
655 |
| 830 ## - ENTRADA SECUNDÁRIA DE SÉRIE--TÍTULO UNIFORME |
| Título uniforme |
Os Imortais da Literatura Universal |
| 9 (RLIN) |
461 |
| Número do volume ou designação sequencial da série |
vol. 27 |
| 942 ## - ELEMENTOS DE ENTRADA ADICIONADOS (KOHA) |
| Fonte de classificação ou esquema de arquivamento |
Classificação decimal de Dewey |
| Ocultar no OPAC |
Não |
| Tipo de material Koha |
Livros |